Los sindicatos en el Paraguay : (Record no. 67023)

MARC details
000 -LEADER
fixed length control field 00580cam a2200169 a 4500
008 - FIXED-LENGTH DATA ELEMENTS--GENERAL INFORMATION
fixed length control field 040625s1987 py 000 0 spa u
050 00 - LIBRARY OF CONGRESS CALL NUMBER
Classification number HD6637
Item number B37 1987
100 1# - MAIN ENTRY--PERSONAL NAME
Personal name Barboza, Ramiro
245 14 - TITLE STATEMENT
Title Los sindicatos en el Paraguay :
Remainder of title evolución y estructura actual /
Statement of responsibility, etc Ramiro Barboza.
250 ## - EDITION STATEMENT
Edition statement 1a ed.
260 ## - PUBLICATION, DISTRIBUTION, ETC. (IMPRINT)
Place of publication, distribution, etc [Asunción, Paraguay] :
Name of publisher, distributor, etc Centro Interdisciplinario de Derecho Social y Economía Política,
Date of publication, distribution, etc 1987.
300 ## - PHYSICAL DESCRIPTION
Extent 565 p. ;
Dimensions 19 cm.
440 #0 - SERIES STATEMENT/ADDED ENTRY--TITLE
Title Investigaciones ;
Volume number/sequential designation 4
650 #4 - SUBJECT ADDED ENTRY--TOPICAL TERM
Topical term or geographic name as entry element Sindicatos
Geographic subdivision Paraguay
General subdivision Historia
942 ## - ADDED ENTRY ELEMENTS (KOHA)
Source of classification or shelving scheme Biblioteca del Cogreso de los Estados Unidos
Koha item type Libro
Holdings
Estado de pérdida Fuente de clasificación Estado del daño No para préstamo Ubicación permanente Ubicación actual Apartado o colección Fecha de adquisición Edición Dependencia de educación superior (DES) Área del conocimiento Clasificación Código de Barras Date last seen Número de copia Tipo de recurso
  Biblioteca del Cogreso de los Estados Unidos     Biblioteca del Instituto de Investigaciones Históricas Biblioteca del Instituto de Investigaciones Históricas General 22/08/2018 1a ed. Humanidades Ciencias Sociales y Administrativas HD6637 B37 1987 IIH000025064 22/08/2018 C:1 Libro